000 00413nam a2200169Ia 4500
008 230718s9999 xx 000 0 und d
041 _aeng
082 _a621.388
_bDHA
100 _aDhake A.M.
245 _aTelevision And Video Engineering
250 _a2nd ed.
260 _c2003
_bTata McGraw-Hill
300 _a646
365 _cRs.
_b225.00
700 _aDhake A.M.
906 _dB:385203-Mar-2004
_cETC
999 _c307037
_d307037